000 00893nam a2200289Ia 4500
003 GCL
005 20240530102127.0
008 140319s9999 xx 000 0 ara d
040 _aGCL /
_cGCL
082 0 4 _a301.14
_bج ج
100 1 _aهورع ج. ب
245 1 0 _aالجماعة والسلطة والاتصال /
_cهورع ج0 ب
260 _a[S.N] :
_bالمؤسسة الحديثة للكتاب ،
_c1991
300 _a232 ص
650 0 4 _aتنظيم المجتمع
650 0 4 _aالخدمة الاجتماعية
650 0 4 _aالعلاقات العامة
650 0 4 _aالاتصال
650 0 4 _aالاعلام
650 0 4 _aخدمة الجماعة
650 0 4 _aالاتصال - علم اجتماع
700 1 _aلنيفيك د
700 1 _aعونزالز ب 0 لدبير
700 1 _aنظير جاهل
700 1 _aموران، ا.
942 _2ddc
_cBK
999 _c29980
_d29980